Normale Ansicht MARC-Ansicht ISBD

10 Jahre Siedlungstätigkeit der Landgesellschaft Eigene Scholle <1.7.1910-30.6.1920> / (Titelsatznr. 373560)

[ MARC ]
MARC-Details
000 -Satzkennung
Kontrollfeld mit fester Länge 00859cam a22002652 4500
001 - Kontrollnummer
Kontrollfeld 450819175
003 - Kontrollnummer Identifier
Kontrollfeld DE-627
005 - Datum und Zeit der letzten Transaktion
Kontrollfeld 20250116141630.0
007 - Feld mit fester Länge zur physischen Beschreibung - Allgemeine Information
Kontrollfeld mit fester Länge tu
008 - Feld mit fester Länge zur physischen Beschreibung - Allgemeine Angaben
Kontrollfeld mit fester Länge 990101s1920 xx ||||| 00| ||und c
035 ## - Systemkontrollnummer
System-Kontrollnummer (DE-627)450819175
035 ## - Systemkontrollnummer
System-Kontrollnummer (DE-599)GBV450819175
035 ## - Systemkontrollnummer
System-Kontrollnummer (OCoLC)72127161
040 ## - Katalogisierungsquelle
Original-Katalogisierungsstelle DE-627
Katalogisierungssprache ger
Übertragungsstelle DE-2950
Beschreibungsfestlegungen rakwb
Bearbeitungsstelle DE-2950
245 10 - Titel
Titel 10 Jahre Siedlungstätigkeit der Landgesellschaft Eigene Scholle <1.7.1910-30.6.1920> /
Verfasserangabe etc. herausgegeben von der Landgesellschaft Eigene Scholle
264 #1 - Produktion, Veröffentlichung, Distribution, Herstellung und Urheberrechtsvermerk
Herstellungs-, Veröffentlichungs- Vertriebs-, Erzeugungsort Frankfurt a. O.:
Produzent, Herausgeber, Distributor, Hersteller Eigene Scholle,
Datum der Herstellung, der Veröffentlichung, des Vertriebs oder des Urheberschutzvermerks 1920
300 ## - Physische Beschreibung
Umfang 52 S. :
Andere physische Details Abbildungen
336 ## - Inhaltstyp
Inhaltstypterm Text
Inhaltstypcode txt
Quelle rdacontent
337 ## - Medientyp
Bezeichnung des Medientyps ohne Hilfsmittel zu benutzen
Medientypcode n
Quelle rdamedia
338 ## - Datenträgertyp
Datenträgertypbezeichnung Band
Datenträgertypcode nc
Quelle rdacarrier
653 ## - Indexierungsterm - Nicht normiert
Nicht-normierter Term Frankfurt (Oder)
653 ## - Indexierungsterm - Nicht normiert
Nicht-normierter Term Landgesellschaft "Eigene Scholle"
951 ## - EQUIVALENCE OR CROSS-REFERENCE--GEOGRAPHIC NAME/AREA NAME [OBSOLETE] [CAN/MARC only]
Geografischer Name BO
942 ## - Zusätzliche Felder (Koha)
Klassifikation oder Aufstellungssystematik Andere/Generische Klassifikation
Koha-Medientyp Bücher
Exemplare
Ausgeschieden Verloren Klassifikation oder Aufstellungssystematik Beschädigt Nicht entleihbar Heimatbibliothek Aufenthaltsbibliothek Aufstellungsort Erwerbungsdatum Lieferant Anzahl Ausleihen Signatur Letzte Aktivität Exemplarnummer Preis gültig von Koha-Medientyp
    Andere/Generische Klassifikation     Stadtarchiv Frankfurt (Oder) | Archivbibliothek Stadtarchiv Frankfurt (Oder) | Archivbibliothek Magazin 16/01/2025 Geschenk   II: 5128 16/01/2025 8/2025 16/01/2025 Bücher